[Event "VIII Leonardo di Bona Open"]
[Site "Cutro ITA"]
[Date "2002.04.26"]
[Round "4"]
[White "Zelcic,R"]
[Black "Vasilev,M"]
[Result "1-0"]
[WhiteElo "2547"]
[BlackElo "2424"]

1.e4 c5 2.Nf3 d6 3.Bb5+ Bd7 4.Bxd7+ Qxd7 5.O-O Nc6 6.c3 Nf6 7.d4 Nxe4 8.d5 Ne5
9.Re1 Nxf3+ 10.Qxf3 Nf6 11.c4 e5 12.dxe6 fxe6 13.Bg5 Be7 14.Nc3 O-O 15.Qh3 h6
16.Qxe6+ Qxe6 17.Rxe6 Kf7 18.Rae1 Rfe8 19.Bf4 Bf8 20.Rxe8 Rxe8 21.Rd1 g5
22.Bg3 Ne4 23.Ne2 Nxg3 24.Nxg3 Re5 25.Kf1 Ke6 26.Ne2 Re4 27.b3 Bg7 28.f3 Rh4
29.h3 Be5 30.a4 h5 31.Rd5 g4 32.hxg4 hxg4 33.f4 Rh1+ 34.Kf2 Bf6 35.Kg3 Rb1
36.Kxg4 Rxb3 37.Ng3 Rb4 38.Nf5 Be7 39.Rd1 Bf8 40.Re1+ Kf7 41.Ne3 Rxa4 42.Kf5 d5
43.cxd5 Rd4 44.Ra1 a6 45.Rb1 b5 46.Ra1 b4 47.Rxa6 b3 48.Rf6+ Ke8 49.Rb6 Rb4
50.Rxb4 cxb4 51.Nc4 Bg7 52.Nd2 b2 53.Ke6 Bd4 54.Nb1 Be3 55.f5 Bg5 56.d6 Bh4
57.f6 Bg5 58.g4 Be3 59.d7+ Kd8 60.f7 Bh6 61.g5 Bf8 62.Kf6 Bc5 63.Kg7  1-0

[Event "TUR-BUL Chess Summit"]
[Site "Istanbul TUR"]
[Date "2002.04.27"]
[Round "5"]
[White "Olcayoz,A"]
[Black "Simeonov,S"]
[Result "1/2-1/2"]
[WhiteElo "2294"]
[BlackElo "2348"]

1.e4 c5 2.Nf3 d6 3.Bb5+ Bd7 4.Bxd7+ Qxd7 5.O-O Nf6 6.d3 g6 7.b3 Bg7 8.Bb2 O-O
9.Nbd2 Nc6 10.Re1 Rfe8 11.Nc4 b5 12.Ne3 e5 13.Nd2 Nd4 14.c3 Ne6 15.Nf3 a5
16.Qc2 a4 17.Rad1  1/2-1/2

[Event "ch-PHI"]
[Site "Makati PHI"]
[Date "2002.04.27"]
[Round "1"]
[White "Villamayor,B"]
[Black "Barbosa,O PHI"]
[Result "1/2-1/2"]
[WhiteElo "2514"]
[BlackElo "2313"]

1.e4 c5 2.Nf3 d6 3.Bb5+ Bd7 4.Bxd7+ Qxd7 5.O-O Nc6 6.c4 g6 7.Nc3 Bg7 8.d3 Nf6
9.a3 O-O 10.Rb1 Ne8 11.Bd2 Nc7 12.b4 Ne6 13.Nd5 Ned4 14.Nxd4 Nxd4 15.Bg5 Rae8
16.Qd2 f5  1/2-1/2

[Event "ch-PHI"]
[Site "Makati PHI"]
[Date "2002.05.03"]
[Round "11"]
[White "Sanchez,Joseph"]
[Black "Mariano,N"]
[Result "0-1"]
[WhiteElo "2287"]
[BlackElo "2393"]

1.e4 c5 2.Nf3 d6 3.Bb5+ Bd7 4.Bxd7+ Qxd7 5.Qe2 Nc6 6.O-O Nf6 7.c3 e6 8.d4 cxd4
9.cxd4 d5 10.e5 Ng8 11.Nc3 Nge7 12.Rd1 Nc8 13.Ng5 h6 14.Nh3 Nb6 15.Nf4 O-O-O
16.b3 Kb8 17.a4 a6 18.Be3 Rc8 19.Nd3 Qd8 20.Na2 Be7 21.Rab1 Ka8 22.Qd2 Re8
23.a5 Nd7 24.b4 f6 25.Qb2 Qc7 26.Rdc1 Qb8 27.f4 g5 28.Nc3 gxf4 29.Bxf4 Qa7
30.Qf2 Qxd4 31.exf6 Bxf6 32.Qxd4 Nxd4 33.Kf1 Rf8 34.Ne2 Rxc1+ 35.Rxc1 Nb5
36.Ke1 h5 37.Ng3 h4 38.Nh5 Bd4 39.Nc5 Nxc5 40.bxc5 Rf5  0-1

[Event "ch-UKR w"]
[Site "Alushta UKR"]
[Date "2002.05.05"]
[Round "3"]
[White "Sulejmanova,A"]
[Black "Matseyko,K"]
[Result "0-1"]
[WhiteElo "2218"]
[BlackElo "2133"]

1.e4 c5 2.Nf3 d6 3.Bb5+ Bd7 4.Bxd7+ Qxd7 5.O-O Nc6 6.c3 Nf6 7.Re1 e6 8.d4 cxd4
9.Nxd4 Be7 10.Bg5 O-O 11.Nf3 Rfd8 12.Nbd2 b5 13.Qe2 Qb7 14.Rad1 Rac8 15.h3 h6
16.Bh4 a6 17.Nb3 d5 18.exd5 Nxd5 19.Bxe7 Ncxe7 20.Qe4 Nf5 21.Ne5 Nd6 22.Qf3 Nc4
23.Re2 Nxe5 24.Rxe5 Qb6 25.Rde1 b4 26.Rc1 bxc3 27.bxc3 Rc4 28.Nd2 Qb2 29.Nxc4 Qxc1+
30.Kh2 Nxc3 31.Rc5 Nd5 32.g3 Qe1 33.Rc6 a5 34.Nd6 Nf6 35.Kg2 Qb4 36.a3 Qb8
37.Qc3 Nd5 38.Qc5 Qa8 39.Kh2 Rb8 40.Nc4 Rd8 41.Qxa5 Qxc6 42.Qxd8+ Kh7 43.Qh4 Qc5
44.Kg2 Nc3 45.Nd2 Qxa3 46.Nf3 Qc5 47.Qf4 f5 48.h4 Ne4 49.Qe3 Qxe3 50.fxe3 Kg6
51.Ne5+ Kf6 52.Nc4 Nc5 53.Kf3 Nd3 54.Ke2 Ne5 55.Nd2 Kg6 56.e4 fxe4 57.Nxe4 Kf5
58.Nc5 Ng4 59.Kd3 Nf6 60.Ke3 e5 61.Nb7 Kg4 62.Nd6 Nh5 63.Nf7 Kxg3 64.Nxe5 Kxh4
65.Kf3 Kg5 66.Nf7+ Kf6 67.Nd6 g5 68.Kg4 Nf4 69.Ne4+ Kg6 70.Nf2 h5+ 71.Kf3 Kf5
72.Kg3 h4+ 73.Kf3 Ng6 74.Kg2 g4 75.Nh1 Nf4+ 76.Kf1 Nd3  0-1

[Event "ch-UKR"]
[Site "Alushta UKR"]
[Date "2002.05.05"]
[Round "3"]
[White "Kobyliansky,I"]
[Black "Maximov,D"]
[Result "1-0"]
[WhiteElo "2386"]
[BlackElo "2423"]

1.e4 c5 2.Nf3 d6 3.Bb5+ Nc6 4.O-O a6 5.Bxc6+ bxc6 6.Re1 g6 7.e5 Bg7 8.Nc3 dxe5
9.Nxe5 Qc7 10.d4 cxd4 11.Qxd4 Bxe5 12.Rxe5 f6 13.Re2 Kf7 14.Bf4 e5 15.Rxe5 fxe5
16.Bxe5 Qd7 17.Bxh8 Qxd4 18.Bxd4 Bf5 19.Rc1 Ne7 20.f3 h5 21.Ne4 Rd8 22.c3 Rb8
23.b3 Bxe4 24.fxe4 Ke6 25.Rf1 Ng8 26.b4 Re8 27.Rf4 Ra8 28.a3 a5 29.h3 axb4
30.axb4 Ra1+ 31.Rf1 Ra8 32.Kh2 Ke7 33.Bg7 Rd8 34.Ra1 Rd7 35.Ra6 Kf7 36.Bd4 Rc7
37.Kg3 g5 38.Ra5 Kg6 39.h4 gxh4+ 40.Kxh4 Ne7 41.Rg5+ Kf7 42.Kxh5 Rc8 43.Rg7+ Ke6
44.Kg5 Re8 45.g4 Ng8 46.Kf4 Rf8+ 47.Kg3 Ra8 48.g5 Re8 49.Bc5 Rc8 50.Kf4  1-0

[Event "FSGM May"]
[Site "Budapest HUN"]
[Date "2002.05.07"]
[Round "4"]
[White "Kallio,H"]
[Black "Rajlich,V"]
[Result "1/2-1/2"]
[WhiteElo "2502"]
[BlackElo "2377"]

1.e4 c5 2.Nf3 d6 3.Bb5+ Nd7 4.O-O Nf6 5.Re1 a6 6.Bf1 b6 7.c4 Bb7 8.Nc3 e5
9.d3 Be7 10.Ng5 h6 11.Nh3 g5 12.Kh1 Nf8 13.Nd5 Ne6 14.b4 Nd4 15.bxc5 bxc5
16.Be3 Rb8 17.Be2 Bxd5 18.cxd5 Qa5 19.Ng1 O-O 20.h4 Rb2 21.Nf3 Nxf3 22.Bxf3 Rfb8
23.a4 gxh4 24.Re2 Rxe2 25.Bxe2 Kg7 26.Qc1 Ng8 27.Bg4 Rb3 28.Qd1 Qc3 29.a5 Bg5
30.Bxg5 hxg5 31.Bc8 Rb5 32.Qa4 Qxd3 33.Bxa6 Rb1+ 34.Rxb1 Qxb1+ 35.Kh2 Nf6
36.Bc8 g4 37.Qa3 Nxe4 38.Bf5 Qe1 39.Bxe4 Qxe4 40.Qc1 Kg6 41.a6 Qa4 42.Qb1+ f5
43.Qb8 Qxa6 44.Qd8 c4 45.f4 gxf3 46.Kh3 Kg7 47.Qe7+ Kg6 48.Kxh4 Qc8 49.Qxd6+ Kf7
50.gxf3 c3 51.Kg5 c2 52.Qf6+ Kg8 53.Qg6+ Kh8 54.Qf6+ Kg8 55.Qg6+ Kf8 56.Qf6+ Kg8
57.Qg6+ Kf8 58.Qf6+ Kg8  1/2-1/2

[Event "ch-URU"]
[Site "Montevideo URU"]
[Date "2002.05.07"]
[Round "2"]
[White "Crosa,M"]
[Black "Riverol,J"]
[Result "1-0"]
[WhiteElo "2384"]
[BlackElo "2278"]

1.e4 c5 2.Nf3 d6 3.Bb5+ Bd7 4.Bxd7+ Nxd7 5.d4 cxd4 6.Qxd4 Ngf6 7.Nc3 g6 8.Qb4 Qb8
9.Bg5 Bg7 10.Nd5 b5 11.O-O-O a5 12.Qc3 O-O 13.Nxe7+ Kh8 14.Qc6 Re8 15.Rxd6 Nxe4
16.Rxd7 Nxg5 17.Nxg5 Qf4+ 18.Kb1 Qxg5 19.Re1 Rad8 20.Rd3 Rf8 21.g3 Rxd3 22.cxd3 Qd2
23.Qc1 Qxd3+ 24.Qc2 Qd6 25.Nc8 Qb4 26.Re4 Qxb2+ 27.Qxb2 Bxb2 28.Na7 f5 29.Re2 Ba3
30.Nxb5 Rb8 31.Re5 Kg7 32.Kc2 Kf6 33.f4 Rc8+ 34.Kb3 Bc5 35.Nc3 Rb8+ 36.Kc2 Bb4
37.Nd5+ Kf7 38.Nxb4 axb4 39.Kb3 Kf6 40.Re2 g5 41.fxg5+ Kxg5 42.Rf2 h5 43.Rf4  1-0

[Event "Croatian Cup"]
[Site "Pula CRO"]
[Date "2002.05.07"]
[Round "1"]
[White "Vidovic,M"]
[Black "Jovanovic,Zo2"]
[Result "1/2-1/2"]
[WhiteElo "2110"]
[BlackElo "2373"]

1.e4 c5 2.Nf3 d6 3.Bb5+ Nd7 4.c3 Nf6 5.Qe2 a6 6.Ba4 e6 7.O-O Be7 8.d4 cxd4
9.cxd4 O-O 10.Rd1 b5 11.Bc2 Bb7 12.Nbd2 Qc7 13.Nf1 Rfc8 14.Bd3 e5 15.Ng3 exd4
16.Nxd4 Bf8 17.Bg5 Re8 18.Rac1 Qb6 19.Ndf5 d5 20.Be3 Qa5 21.exd5 Bxd5 22.Bb1 g6
23.Nd4 Bh6 24.Qd2 Qxd2 25.Bxd2 Bxd2 26.Rxd2 Rac8 27.Rxc8 Rxc8 28.Rc2 Re8
29.Re2 Rd8 30.Rd2 Ne5 31.b3 Bb7 32.f4 Neg4 33.Nf1 Nd5 34.Be4 Ngf6 35.Bf3 Ba8
36.g3 Nc3 37.Bxa8 Rxa8 38.Rc2 Nce4 39.Nd2 Rd8 40.Nxe4 Nxe4 41.Nc6 Rd3 42.Kg2 Kf8
43.Ne5 Rc3 44.Rxc3 Nxc3 45.a3 Ke7 46.Kf3 f6 47.Nd3 Nb1 48.Nc5 Kd6 49.Nxa6 Nd2+
50.Ke3 Nxb3 51.Nb4 Na5 52.Kd4 h5 53.Nc2 Nc6+ 54.Ke4 f5+ 55.Kd3  1/2-1/2

[Event "Oceana zt"]
[Site "Warwick Fiji FIJ"]
[Date "2002.05.07"]
[Round "3"]
[White "Rujevic,M"]
[Black "Johansen,D"]
[Result "0-1"]
[WhiteElo "2303"]
[BlackElo "2531"]

1.e4 c5 2.Nf3 d6 3.Bb5+ Nd7 4.d4 Nf6 5.Nc3 cxd4 6.Qxd4 e5 7.Qd1 h6 8.O-O Be7
9.a4 O-O 10.Qe2 Nc5 11.Rd1 Qc7 12.Bc4 Be6 13.Bxe6 fxe6 14.Qc4 Qc8 15.Re1 Kh7
16.b4 Ncd7 17.Qd3 a6 18.Bd2 Qe8 19.Ne2 Rc8 20.a5 Nh5 21.Ng3 g5 22.Nxh5 Qxh5
23.Be3 Qg6 24.c4 Nf6 25.c5 g4 26.Nh4 Qxe4 27.Qd2 Qd5 28.Qc2+ e4 29.Rad1 Qh5
30.g3 d5 31.Ng2 Nd7 32.Bf4 Ne5 33.Bxe5 Qxe5 34.Re2 Bg5 35.Rde1 Qd4 36.Qa4 Rf7
37.Rd1 Qf6 38.Qc2 h5 39.Rf1 Qd4 40.Qb1 Kh6 41.Ne3 Rcf8 42.Rd1 Qe5 43.Nc2 h4
44.Qb3 h3 45.Ne3 Bxe3 46.Qxe3+ Kg6 47.c6 bxc6 48.Qb6 Qc3 49.Re3 Qc2 50.Rf1 Rxf2  0-1

[Event "ch-UKR"]
[Site "Alushta UKR"]
[Date "2002.05.08"]
[Round "6"]
[White "Moskovets,K"]
[Black "Tukhaev,A"]
[Result "0-1"]
[WhiteElo "2389"]
[BlackElo "2193"]

1.e4 c5 2.Nf3 d6 3.Bb5+ Bd7 4.Bxd7+ Qxd7 5.c4 Nf6 6.Nc3 Nc6 7.d4 cxd4 8.Nxd4 e6
9.O-O Be7 10.b3 O-O 11.Bb2 Rac8 12.Re1 Rfd8 13.h3 a6 14.Nf3 Ne5 15.a4 Qc7
16.Re3 Nfd7 17.Ne2 Nxf3+ 18.Rxf3 Ne5 19.Re3 Bf6 20.Bd4 Nd7 21.Rg3 Qc6 22.Nc3 Be5
23.Bxe5 dxe5 24.Rd3 Qc7 25.Qc2 Nb8 26.Rad1 Nc6 27.Rxd8+ Rxd8 28.Rxd8+ Qxd8
29.Nb1 Qd4 30.Kf1 g6 31.f3 a5 32.g4 Qe3 33.Qc3 Qxc3 34.Nxc3 Nd4 35.b4 axb4
36.Nd1 Nxf3 37.Ke2 Nd4+ 38.Kd3 Nb3 39.c5 Nxc5+ 40.Kc4 Nxe4 41.Kxb4 Kf8 42.Kb5 f5
43.Kb6 Nd6 44.gxf5 exf5 45.Ne3 Ke7 46.Nd5+ Ke6 47.Nc7+ Kd7 48.Nd5 e4 49.Kc5 Ke6
50.Kd4 Ne8 51.h4 Kd6 52.Ne3 Ke6 53.Nd5 Nf6 54.Nf4+ Kd6 55.Nh3 h6 56.Nf4 g5
57.hxg5 hxg5 58.Nh3 Nh7 59.a5 Nf8  0-1

[Event "Capablanca Mem Premier II"]
[Site "Havana CUB"]
[Date "2002.05.09"]
[Round "4"]
[White "Zarnicki,P"]
[Black "Vazquez,R"]
[Result "1/2-1/2"]
[WhiteElo "2499"]
[BlackElo "2442"]

1.e4 c5 2.Nf3 d6 3.Bb5+ Bd7 4.Bxd7+ Qxd7 5.O-O Nc6 6.Re1 Nf6 7.b3 e6 8.Bb2 Be7
9.d4 cxd4 10.Nxd4 O-O 11.c4 a6 12.Nc3 Rfd8 13.Nxc6 Qxc6 14.Qe2 Bf8 15.Rad1 Rac8
16.Rd3 Nd7 17.Qh5 g6 18.Qh4 Bg7 19.Nd1 Ne5 20.Rh3 h5 21.Kh1 b5 22.f4 Ng4
23.Bxg7 Kxg7 24.cxb5 axb5 25.Nf2 Nxf2+ 26.Qxf2 Qc5 27.Qb2+ e5 28.Rd3 f6 29.b4 Qb6
30.h4 exf4 31.Qd2 Rd7 32.Qxf4 Re7 33.Rf1 Re6 34.g4 Qc6 35.Re3 Rh8 36.Rg1 hxg4
37.Qxg4 f5 38.Qg3 fxe4 39.Rc3 Qb7 40.Rgc1 Re7 41.Qxd6 e3+ 42.Rc6 Rxh4+ 43.Kg2 Rh6
44.Qf6+ Kh7 45.Qxe7+ Qxe7  1/2-1/2

[Event "TCh-NOR Finals"]
[Site "Oslo NOR"]
[Date "2002.05.09"]
[Round "2"]
[White "Gudbrandsen,G"]
[Black "Snarheim,D"]
[Result "1/2-1/2"]
[WhiteElo "2293"]
[BlackElo "2206"]

1.e4 c5 2.Nf3 d6 3.Bb5+ Nd7 4.O-O Nf6 5.Re1 a6 6.Bxd7+ Bxd7 7.d4 cxd4 8.Nxd4 e5
9.Nf3 Be7 10.Nc3 O-O 11.Bg5 Be6 12.Qd2 Rc8 13.Rad1 Qb6 14.b3 Qc6 15.Re3 b5
16.Bxf6 Bxf6 17.Qxd6 Qxd6 18.Rxd6 Rfd8 19.Rxd8+ Bxd8 20.a3 Ba5 21.b4 Bb6
22.Rd3 f6 23.h3 Rc6 24.Nd1 Kf7 25.c3 Ke7 26.Ne3 Bxe3 27.Rxe3 Rd6 28.Re1 Rd3
29.Rc1 Bd7 30.Ne1 Rd2 31.f3 Be6 32.Nc2 Re2 33.Kh2 Bb3 34.Na1 Ba4 35.Rb1 Re3
36.Nb3 Rxc3 37.Nc5 Rxa3 38.Rb2 Ra1 39.Nxa6 Bb3 40.Nc5 Bc4 41.Kg3  1/2-1/2

[Event "ch-UKR w"]
[Site "Alushta UKR"]
[Date "2002.05.10"]
[Round "8"]
[White "Vozovic,O"]
[Black "Yakivchik,M"]
[Result "0-1"]
[WhiteElo "2297"]
[BlackElo "2146"]

1.e4 c5 2.Nf3 d6 3.Bb5+ Bd7 4.Bxd7+ Qxd7 5.O-O Nc6 6.d4 cxd4 7.Nxd4 Nf6 8.Nc3 e6
9.Be3 Be7 10.Qe2 O-O 11.Rad1 a6 12.f4 Qc7 13.f5 Nd8 14.Kh1 Re8 15.Rf3 b5
16.a3 Qc4 17.fxe6 fxe6 18.Qd2 Nf7 19.Rg3 Rad8 20.Bg1 Bf8 21.Qf2 Nd7 22.Rf1 Nde5
23.Nce2 Qc8 24.Nf4 Qd7 25.Nf3 Rc8 26.Nh4 Qe7 27.Nh5 Kh8 28.Rh3 Ng5 29.Rb3 Nxe4
30.Qf4 Nf6 31.Nxf6 Qxf6 32.c3 Qxf4 33.Rxf4 d5 34.Bd4 Nd3 35.Rf7 e5 36.Be3 Rc4
37.Nf5 Re4 38.Kg1 g6 39.Nd6 Bxd6 40.Bh6 Re1+  0-1

[Event "ch-UKR"]
[Site "Alushta UKR"]
[Date "2002.05.11"]
[Round "9"]
[White "Kobyliansky,I"]
[Black "Areshchenko,A"]
[Result "0-1"]
[WhiteElo "2386"]
[BlackElo "2512"]

1.e4 c5 2.Nf3 d6 3.Bb5+ Nd7 4.O-O Nf6 5.Re1 a6 6.Bxd7+ Nxd7 7.d4 cxd4 8.Qxd4 Qb6
9.Qxb6 Nxb6 10.b3 Bg4 11.Nbd2 Rc8 12.c4 Nd7 13.h3 Bh5 14.Ba3 f6 15.Nd4 Bf7
16.f4 g6 17.f5 Bh6 18.Nf1 Ne5 19.Bc1 Bxc1 20.Rexc1 Kd7 21.Ne3 gxf5 22.exf5 Rhg8
23.Rc2 Rc7 24.Rd1 Rgc8 25.Re2 Rg8 26.Kf2 Bh5 27.g4 Bf7 28.a4 Rcc8 29.Rdd2 h5
30.Nf3 Nxf3 31.Kxf3 b5 32.axb5 axb5 33.Ra2 Rc7 34.cxb5 Rb8 35.Ra5 hxg4+ 36.hxg4 Rcb7
37.Nc2 Bxb3 38.Nd4 Bd1 39.Ke3 Bxe2 40.Kxe2 Rh8 41.Kd3 Rg8 42.Ne6 Rxg4 43.Ra8 Rxb5
44.Ra7+ Kc8 45.Rc7+ Kb8 46.Rxe7 Rxf5 47.Nd8 Rd5+ 48.Kc3 Rc5+ 49.Kd3 Rg8 50.Ne6 Re5  0-1

[Event "52nd ch-RUS w"]
[Site "Elista RUS"]
[Date "2002.05.11"]
[Round "2"]
[White "Kryukova,I"]
[Black "Shaidullina,S"]
[Result "1/2-1/2"]
[WhiteElo "2304"]
[BlackElo "2245"]

1.e4 c5 2.Nf3 d6 3.Bb5+ Nd7 4.O-O Nf6 5.Re1 e6 6.c3 Be7 7.d4 O-O 8.e5 Ne8
9.Bd3 Rb8 10.Qe2 a6 11.a4 cxd4 12.exd6 Nxd6 13.cxd4 b5 14.axb5 axb5 15.Nc3 b4
16.Nd5 exd5 17.Qxe7 Qxe7 18.Rxe7 Nf6 19.Bf4 Rb6 20.Bxd6 Rxd6 21.Ne5 Rb6 22.Raa7 Be6
23.Reb7 Rxb7 24.Rxb7 Rc8 25.f3 g5 26.Rxb4 Rc1+ 27.Kf2 Nh5 28.Rb8+ Kg7 29.b4 Nf4
30.Bf1 Rc2+ 31.Kg1 Rc1 32.Kf2 Rc2+ 33.Kg1 Rc1 34.Kf2 Rc2+ 35.Kg1 Rc1  1/2-1/2

[Event "TCh-NOR Finals"]
[Site "Oslo NOR"]
[Date "2002.05.11"]
[Round "4"]
[White "Johannessen,S"]
[Black "Jansson,J"]
[Result "0-1"]
[WhiteElo "2320"]
[BlackElo "2265"]

1.e4 c5 2.Nf3 d6 3.Bb5+ Nc6 4.O-O Bg4 5.h3 Bh5 6.Bxc6+ bxc6 7.d3 Nf6 8.Nbd2 e6
9.e5 dxe5 10.Qe1 c4 11.Nxc4 Bxf3 12.gxf3 Nd5 13.Qxe5 Be7 14.Bd2 Qd7 15.Rae1 O-O-O
16.Re4 g5 17.Rfe1 h5 18.Qh2 f6 19.Rxe6 g4 20.Ba5 Rdg8 21.Kh1 Kb7 22.Bc3 gxf3
23.Nd6+ Ka8  0-1

[Event "52nd ch-RUS w"]
[Site "Elista RUS"]
[Date "2002.05.12"]
[Round "3"]
[White "Zimina,O"]
[Black "Kosintseva,T"]
[Result "0-1"]
[WhiteElo "2360"]
[BlackElo "2373"]

1.e4 c5 2.Nf3 d6 3.Bb5+ Nc6 4.O-O Bd7 5.Re1 Nf6 6.c3 a6 7.Bf1 Bg4 8.h3 Bxf3
9.Qxf3 g6 10.d3 Bg7 11.Nd2 O-O 12.Qd1 Nd7 13.Nf3 Qb6 14.Re2 e6 15.Be3 Nde5
16.Nxe5 Nxe5 17.Rd2 Nc6 18.d4 cxd4 19.cxd4 d5 20.e5 Rac8 21.h4 Rc7 22.h5 Rfc8
23.Rd3 Na5 24.hxg6 hxg6 25.b3 Nc6 26.a3 Na7 27.Bd2 Nb5 28.a4 Na7 29.Qg4 Rc2
30.Be2 a5 31.Qh4 Nc6 32.Bd1 Rxd2 33.Rxd2 Nxd4 34.Qg3 Nf5 35.Qh2 Qb4 36.Re2 Qd4
37.Rb1 Qd3 38.Reb2 Qe4 39.Bf3 Qxe5 40.Qxe5 Bxe5 41.Rd2 Nd4 42.b4 Nxf3+ 43.gxf3 axb4
44.Kg2 Bc3 45.Rc2 Ra8 46.Ra2 Ra5 47.Rc2 Rxa4 48.Kf1 d4 49.Ke2 Ra3 50.Rf1 b3
51.Rcc1 b2 52.Rb1 e5 53.Kd3 f5 54.Rg1 Kf7 55.Rh1 Ke6 56.Rh7 Ra1 57.Rhh1 Kd5
58.Rhd1 e4+ 59.Kc2 Kc4 60.fxe4 fxe4  0-1

[Event "9th RUS-chT"]
[Site "Ekaterinburg RUS"]
[Date "2002.05.17"]
[Round "1"]
[White "Vokarev,S"]
[Black "Obodchuk,A"]
[Result "0-1"]
[WhiteElo "2517"]
[BlackElo "2435"]

1.e4 c5 2.Nf3 d6 3.Bb5+ Bd7 4.Bxd7+ Qxd7 5.c4 Nc6 6.Nc3 g6 7.d4 cxd4 8.Nxd4 Bg7
9.Nde2 Nf6 10.f3 O-O 11.O-O Rac8 12.Bg5 e6 13.Qd2 Na5 14.b3 a6 15.Rad1 Ne8
16.Qd3 b5 17.cxb5 axb5 18.Be3 b4 19.Na4 Qb7 20.Nd4 Nc7 21.Nc2 Na6 22.Rf2 Nc5
23.Nxc5 dxc5 24.Bc1 c4 25.bxc4 Rxc4 26.Bd2 Rfc8 27.Be1 Qb6 28.Kf1 Bf6 29.Rb1 Qc7
30.Nxb4 Qxh2 31.g4 Qh3+ 32.Rg2 Rc3 33.Qd1 Nc4  0-1

[Event "4th Borowski GMB"]
[Site "Essen GER"]
[Date "2002.05.17"]
[Round "2"]
[White "Souleidis,G"]
[Black "Naiditsch,A"]
[Result "0-1"]
[WhiteElo "2404"]
[BlackElo "2557"]

1.e4 c5 2.Nf3 d6 3.Bb5+ Bd7 4.Bxd7+ Qxd7 5.O-O Nc6 6.c3 Nf6 7.Qe2 e6 8.d4 cxd4
9.cxd4 d5 10.e5 Ne4 11.Be3 Be7 12.Ne1 f5 13.f3 Ng5 14.Nd3 O-O 15.Nc3 Nf7
16.Kh1 Rac8 17.Rg1 Nh8 18.g4 Ng6 19.g5 Na5 20.Qf2 b5 21.h4 f4 22.Bc1 b4 23.Ne2 Qb5
24.Rd1 Rf5 25.Bxf4 Rcf8 26.Qg3 Nc4 27.b3 Nb2 28.Nxb2 Qxe2 29.Rd2 Qa6  0-1

[Event "9th RUS-chT"]
[Site "Ekaterinburg RUS"]
[Date "2002.05.18"]
[Round "2"]
[White "Batsanin,D"]
[Black "Naer,E"]
[Result "0-1"]
[WhiteElo "2403"]
[BlackElo "2455"]

1.e4 c5 2.Nf3 d6 3.Bb5+ Bd7 4.Bxd7+ Qxd7 5.c4 Nc6 6.Nc3 Nf6 7.O-O g6 8.d4 cxd4
9.Nxd4 Bg7 10.Nde2 O-O 11.f3 a6 12.a4 Qc7 13.Be3 Qa5 14.Kh1 Rab8 15.Rb1 Nd7
16.Qd2 Kh8 17.b3 f5 18.Rfc1 fxe4 19.Nxe4 Qxd2 20.Bxd2 b6 21.Be3 Nc5 22.N2c3 Rb7
23.Nd5 Nd4 24.Nd2 Be5 25.Rd1 Nc2 26.Bg1 Na3 27.Ra1 Bxa1 28.Rxa1 Nc2 29.Rc1 e6
30.Rxc2 exd5 31.cxd5 Rf4 32.g3 Rb4 33.Rc3 Kg8 34.Be3 a5 35.Kg2 b5 36.axb5 R7xb5  0-1

[Event "9th RUS-chT"]
[Site "Ekaterinburg RUS"]
[Date "2002.05.18"]
[Round "2"]
[White "Ovetchkin,R"]
[Black "Kurnosov,I"]
[Result "1-0"]
[WhiteElo "2515"]
[BlackElo "2419"]

1.e4 c5 2.Nf3 d6 3.Bb5+ Nd7 4.c3 Nf6 5.Qe2 a6 6.Ba4 e5 7.O-O Be7 8.d4 b5
9.Bc2 O-O 10.Rd1 Qc7 11.a4 Bb7 12.dxe5 dxe5 13.axb5 axb5 14.Rxa8 Rxa8 15.Na3 b4
16.Nc4 bxc3 17.bxc3 Ra1 18.Bd3 Bf8 19.Qb2 Ra8 20.Re1 h6 21.Qb1 Rb8 22.Qc2 Re8
23.Nfd2 g6 24.Ne3 Bg7 25.f3 h5 26.Ndc4 Bc6 27.Nf1 Nf8 28.Be3 Ne6 29.Nfd2 Nd7
30.Bf1 Rf8 31.Bf2 Bh6 32.Ne3 Nf6 33.Ndc4 Rd8 34.Rb1 Rb8 35.Rd1 Rd8 36.Rxd8+ Nxd8
37.Bh4 Bg7 38.Bg3 Ne8 39.Qd1 f6 40.Qb3 Nf7 41.Nd5 Qd8 42.Nce3 Bf8 43.Bh4 Kg7
44.h3 Qd7 45.Qb6 Nfd6 46.Qb8 Qc8 47.Qa7+ Qb7 48.Qa1 Qb3 49.Bd3 Kf7 50.Bc2 Qb7
51.Qa2 Qa8 52.Qxa8 Bxa8 53.Bb3 Kg7 54.Ba4 Kf7 55.Nb6 Bb7 56.Bb3+ Kg7 57.Nd7 Nb5
58.Nxf8 Kxf8 59.Nd1 Nbc7 60.Bf2 Na6 61.Bc4 Ke7 62.h4 Nd6 63.Bxa6 Bxa6 64.Bxc5 Ke6
65.Bxd6 Kxd6 66.Ne3 Bd3 67.g3 Ke6 68.Kf2 Bb5 69.Ke1 Kd6 70.Kd2 Kc5 71.g4 Bc6
72.gxh5 gxh5 73.Kd3 Ba4 74.Nd5 f5 75.Nf6 f4 76.Ke2 Kd6 77.Nxh5 Ke7 78.Ng7 Bb5+
79.Kd2 Kf6 80.Nf5 Be8 81.c4 Bh5 82.Ke2 Be8 83.c5 Bd7 84.h5 Kg5 85.h6 Kg6
86.c6  1-0

[Event "KNSB-beker"]
[Site "Hengelo NED"]
[Date "2002.05.18"]
[Round "1"]
[White "Ellenbroek,T"]
[Black "Van Blitterswijk,S"]
[Result "1/2-1/2"]
[WhiteElo "2084"]
[BlackElo "2398"]

1.e4 c5 2.Nf3 d6 3.Bb5+ Nd7 4.d4 Nf6 5.Nc3 cxd4 6.Qxd4 a6 7.Bxd7+ Nxd7 8.Bg5 f6
9.Be3 e6 10.O-O Be7 11.Nd2 Qc7 12.Qc4 Qxc4 13.Nxc4 b5 14.Na5 Bd8 15.Nc6 Bb7
16.Nxd8 Rxd8 17.f3 Rc8 18.Rf2 Ne5 19.Re1 Ke7 20.Nd1 Rhd8 21.Bc1 Rd7 22.Ne3 Rdc7
23.Rd1 Nc4 24.Nxc4 Rxc4 25.c3 d5 26.exd5 Bxd5 27.a3 a5 28.Be3 a4 29.Bb6 Kf7  1/2-1/2

[Event "9th RUS-chT"]
[Site "Ekaterinburg RUS"]
[Date "2002.05.20"]
[Round "4"]
[White "Volokitin,And"]
[Black "Selin,V"]
[Result "1/2-1/2"]
[WhiteElo "2577"]
[BlackElo "2232"]

1.e4 c5 2.Nf3 d6 3.Bb5+ Nd7 4.d4 Nf6 5.O-O a6 6.Bxd7+ Nxd7 7.Nc3 cxd4 8.Qxd4 e5
9.Qb4 Qb6 10.a3 Qxb4 11.axb4 Nb6 12.b3 Bg4 13.b5 axb5 14.Be3 Rxa1 15.Rxa1 Nc8
16.Nxb5 Kd7 17.c4 Be7 18.Ne1 Be6 19.Nd3 Bd8 20.Kf1 f6 21.Ra8 f5 22.Rb8 fxe4
23.Nb4 b6 24.Rb7+ Ke8 25.Nc6 Bd7 26.Nxd8 Kxd8 27.Bxb6+ Ke7 28.Be3 h6 29.Nc3 Ke6
30.Rb8 Re8 31.Nxe4 Ne7 32.Rb6 Bc6 33.Nc3 Ra8 34.f3 Kd7 35.Ke2 Nc8 36.Rb4 Ra1
37.h3 Ne7 38.Rb8 d5 39.cxd5 Nxd5 40.Nxd5 Bxd5 41.Rb5 Ke6 42.Rb6+ Kf7 43.Kd3 Rd1+
44.Kc2 Re1 45.Kd2 Rb1 46.Kc3 Re1 47.Kd2 Rb1 48.Kc2 Re1 49.Kd3 Rd1+ 50.Ke2 Rb1
51.b4 Rb2+ 52.Bd2 Bc4+ 53.Ke3  1/2-1/2

[Event "JCh-TUR"]
[Site "Kocaeli TUR"]
[Date "2002.05.21"]
[Round "11"]
[White "Esen,B"]
[Black "Yarligan,T"]
[Result "1/2-1/2"]
[WhiteElo "2178"]
[BlackElo "2130"]

1.e4 c5 2.Nf3 d6 3.Bb5+ Nd7 4.O-O e6 5.Re1 a6 6.Bf1 Ngf6 7.c3 Be7 8.d4 O-O
9.Nbd2 b6 10.Bd3 Bb7  1/2-1/2

[Event "ch-CZE"]
[Site "Ostrava CZE"]
[Date "2002.05.22"]
[Round "7"]
[White "Velicka,P"]
[Black "Kalod,R"]
[Result "0-1"]
[WhiteElo "2437"]
[BlackElo "2472"]

1.e4 c5 2.Nf3 d6 3.Bb5+ Nd7 4.d4 Nf6 5.O-O cxd4 6.Qxd4 g6 7.e5 dxe5 8.Nxe5 Bg7
9.Rd1 O-O 10.Nxd7 Nxd7 11.Qh4 Qb6 12.Bxd7 Rd8 13.Nc3 Rxd7 14.Nd5 Qd8 15.c4 b5
16.Re1 f6 17.Qe4 Bb7 18.Nxe7+ Kf8 19.Nxg6+ hxg6 20.Qxg6 bxc4 21.h4 Rf7 22.h5 Qd3
23.Bf4 Qxg6 24.hxg6 Rd7 25.Rad1 Bd5 26.Rd4 Rad8 27.g4 f5 28.Be5 fxg4 29.Rxg4 Bxe5
30.Rxe5 Kg7 31.f4 Kf6 32.Rgg5 Be6 33.g7 Rg8 34.Ra5 Rgxg7 35.Kf2 Rd2+ 36.Ke3 Rgd7
37.f5 R7d3+ 38.Ke4 Rd4+  0-1

[Event "Vedior Trophy"]
[Site "Milan ITA"]
[Date "2002.05.23"]
[Round "8"]
[White "Straub,P"]
[Black "Bertazzo,G"]
[Result "1/2-1/2"]
[WhiteElo "2096"]
[BlackElo "2139"]

1.e4 c5 2.Nf3 d6 3.Bb5+ Bd7 4.Bxd7+ Qxd7 5.O-O Nc6 6.d4 cxd4 7.Nxd4 Nf6 8.Nc3 g6
9.f3 Bg7 10.Be3 O-O 11.Nd5 Nxd5 12.exd5 Nxd4 13.Bxd4  1/2-1/2

[Event "Guillermo Garcia ALFIL"]
[Site "Santa Clara CUB"]
[Date "2002.05.24"]
[Round "6"]
[White "Neubauer,M"]
[Black "Quezada,Y"]
[Result "0-1"]
[WhiteElo "2418"]
[BlackElo "2411"]

1.e4 c5 2.Nf3 d6 3.Bb5+ Bd7 4.Bxd7+ Qxd7 5.c4 Nc6 6.d4 cxd4 7.Nxd4 g6 8.Nc3 Bg7
9.Nde2 Nf6 10.f3 O-O 11.O-O Rfd8 12.Bg5 Rab8 13.Kh1 a6 14.a4 h6 15.Bh4 e6
16.f4 Qc7 17.Rb1 Re8 18.b3 Nd7 19.Qd2 Nc5 20.b4 Nd7 21.Rfd1 Nb6 22.Qd3 Ne7
23.Qxd6 Qxd6 24.Rxd6 Nxc4 25.Rd7 g5 26.fxg5 Ng6 27.Bg3 Nce5 28.Rc7 hxg5 29.b5 Bf8
30.bxa6 bxa6 31.Rxb8 Rxb8 32.h3 Bb4 33.Bf2 Rd8 34.Bd4 g4 35.hxg4 Nxg4 36.Kg1 Nf4
37.g3 Bxc3 38.Nxc3 Nh3+ 39.Kg2 Rxd4 40.Kxh3 Nf2+ 41.Kg2 Nxe4 42.a5 Nxc3 43.Rxc3 Rd5
44.Ra3 Kg7 45.Kf3 Kg6 46.Ra4 e5 47.Rg4+ Kf5 48.Ra4 f6 49.Ke3 Rb5 50.Kf3 Rb3+
51.Kf2 Kg5 52.Kg2 f5 53.Kf2 Rb5 54.Ke3 e4 55.Ra3 Rd5 56.Kf2 Kg4 57.Ke2 Rd3  0-1

[Event "Open A"]
[Site "Ostrava CZE"]
[Date "2002.05.26"]
[Round "10"]
[White "Adamek,J"]
[Black "Jasny,S"]
[Result "1/2-1/2"]
[WhiteElo "2227"]
[BlackElo "2285"]

1.e4 c5 2.Nf3 d6 3.Bb5+ Nd7 4.c3 Nf6 5.Qe2 Qc7 6.O-O a6 7.Ba4 c4 8.Bc2 e5
9.d3 cxd3 10.Bxd3 Be7 11.c4 O-O 12.Nc3 h6 13.Bd2 Nc5 14.Rac1 Bd7 15.Bb1 Rfc8
16.b3 Qb8 17.Be3 b5 18.Nd5 Nxd5 19.cxd5 a5 20.Qb2 Na6 21.Nd2 Qb7 22.Rxc8+ Rxc8
23.Rc1 Rxc1+ 24.Qxc1 Bd8 25.a3 Bb6 26.Nf1 Qa7 27.Bxb6 Qxb6 28.Qe3 Qc5 29.Qxc5 Nxc5
30.Bc2 g6 31.Ne3 Kf8 32.Kf1 b4 33.a4 Bc8 34.Ke1 Ba6 35.f3 Ke7 36.Kd1 Kd7
37.Kd2 Kc7 38.Ng4 h5 39.Nh6 f6 40.Ng8 f5 41.Ne7 fxe4 42.fxe4 g5 43.g3 h4
44.gxh4 gxh4 45.h3 Bf1 46.Nf5 Bxh3 47.Nxh4 Kd8 48.Ke3 Ke7 49.Nf3 Bc8 50.Nd2 Ba6
51.Kf3 Kf6 52.Kg4 Be2+ 53.Kg3 Kg5 54.Kf2 Ba6 55.Ke3 Kg4 56.Bb1 Kg5 57.Bc2 Kf6
58.Bb1 Ke7 59.Bc2 Kf6  1/2-1/2